00629 2200193 4500001002100000005001500021035002000036007000300056008003900059082001700098084002300115100001800138245013400156260006700290300004400357650001100401600001000412022001300422INLIS00000000000116520250203093723 a0010-0225000003ta250203 | | |  a631.53-633.7 a631.53-633.7 JOH a0 aJohanna Jacob1 aAgroecosystem resilience and farmers' perceptions of climate change impacts on cocoa farms in Alto Beni, Bolivia /cJohanna Jacob aUnited Kingdom, Cambridge :bCambridge University Press,c2015 a170-183 hlm, :bIlus ;c21 cm x 29,7 cm 4aJurnal 4aKakao a17421713